| Tag |
First Indicator |
Second Indicator |
Subfields |
| LEADER |
00000cam a2200000 a 4500 |
| 001 |
in00001069552 |
| 005 |
20150929095751.0 |
| 008 |
881205s1988 txu s00010 eng d |
| 035 |
|
|
|a (OCoLC)18841058
|
| 035 |
|
|
|9 AFN6520AM
|
| 040 |
|
|
|a IKM
|c IKM
|d UtOrBLW
|
| 049 |
|
|
|a IKMd
|
| 086 |
|
|
|a A1400.8 It6cr
|2 txdocs
|
| 099 |
|
9 |
|a A1400.8
|a It6cr
|
| 245 |
0 |
0 |
|a Crack :
|b it's a fact!.
|
| 264 |
|
1 |
|a Austin, Tex. :
|b Texas Commission on Alcohol and Drug Abuse,
|c [1988?]
|
| 300 |
|
|
|a 1 sheet ;
|c 28 cm.
|
| 336 |
|
|
|a text
|b txt
|2 rdacontent
|
| 337 |
|
|
|a unmediated
|b n
|2 rdamedia
|
| 338 |
|
|
|a sheet
|b nb
|2 rdacarrier
|
| 650 |
|
0 |
|a Crack (Drug)
|
| 710 |
2 |
|
|a Texas Commission on Alcohol and Drug Abuse.
|
| 740 |
0 |
|
|a It's a fact! : crack.
|
| 999 |
|
|
|a MARS
|
| 999 |
f |
f |
|s 0fd0c044-35a7-356b-93d7-40e76d05a07a
|i 722485f5-47db-3d15-9d2a-9f4844e28768
|t 0
|
| 952 |
f |
f |
|p normal
|a Texas A&M University
|b College Station
|c Sterling C. Evans Library
|d Evans: Texas Documents (Annex 5th floor)
|t 0
|e A1400.8 IT6cr
|h Superintendent of Documents classification
|i unmediated -- sheet
|m A14815777025
|
| 998 |
f |
f |
|a A1400.8 IT6cr
|t 0
|l Evans: Texas Documents (Annex 5th floor)
|